[Event "HUN-chT2 Szechenyi 1718"]
[Site "Hungary"]
[Date "2017.12.17"]
[Round "4"]
[White "Domonkos, Tamas"]
[Black "Holczbauer, Florian"]
[Result "1-0"]
[WhiteElo "1887"]
[BlackElo "1728"]
[PlyCount "53"]
[EventDate "2017.10.29"]
[EventType "team-tourn"]
[EventRounds "9"]
[EventCountry "HUN"]
[SourceTitle "EXT 2021"]
[Source "ChessBase"]
[SourceDate "2020.10.23"]
[SourceVersion "1"]
[SourceVersionDate "2020.10.23"]
[SourceQuality "1"]
[WhiteTeam "Tapolca VSE II"]
[BlackTeam "Ajka ASSE"]
[WhiteTeamCountry "HUN"]
[BlackTeamCountry "HUN"]

1. c4 e5 2. Nc3 Nf6 3. g3 Nc6 4. Bg2 Be7 5. Nf3 0-0 6. 0-0 d6 7. d3 Be6 8. Ng5 h6 9. Nxe6 fxe6 10. e3 Nd7 11. Qg4 Rf5 12. Ne4 Nf6 13. Nxf6+ Rxf6 14. Bd2 d5 15. Bc3 Bb4 16. cxd5 Bxc3 17. dxc6 Bxb2 18. cxb7 Rb8 19. Rab1 Ba3 20. Qc4 Qd6 21. Rb3 Bc5 22. Rc1 Bb6 23. a4 a5 24. Qe4 c5 25. Qc6 Qxc6 26. Bxc6 Ba7 27. Rb5 1-0

[Event "HUN-chT2 Szechenyi 1617"]
[Site "Hungary"]
[Date "2017.02.12"]
[Round "8.9"]
[White "Holczbauer, Florian"]
[Black "Nemeth, Zsolt"]
[Result "0-1"]
[WhiteElo "1709"]
[BlackElo "1974"]
[PlyCount "76"]
[EventDate "2016.09.25"]
[EventType "team-tourn"]
[EventRounds "11"]
[EventCountry "HUN"]
[SourceTitle "EXT 2021"]
[Source "ChessBase"]
[SourceDate "2020.10.23"]
[SourceVersion "1"]
[SourceVersionDate "2020.10.23"]
[SourceQuality "1"]
[WhiteTeam "Ajka ASSE"]
[BlackTeam "Keszthely Spartacus"]
[WhiteTeamCountry "HUN"]
[BlackTeamCountry "HUN"]

1. d4 Nf6 2. Nf3 d5 3. g3 c6 4. Bg2 Bf5 5. 0-0 e6 6. Bf4 h6 7. Nbd2 Be7 8. c4 Nh5 9. Qb3 Nxf4 10. gxf4 Qc7 11. e3 Nd7 12. Rac1 Nb6 13. Ne5 f6 14. Nd3 g5 15. f3 gxf4 16. e4 Bg6 17. Bh3 dxe4 18. Nxe4 f5 19. Nec5 Qd6 20. d5 exd5 21. cxd5 Nxd5 22. Nxb7 Qf6 23. Qa4 Rc8 24. Na5 0-0 25. Nxc6 Ne3 26. Rf2 Bd6 27. Rc4 Nxc4 28. Qxc4+ Bf7 29. Qb5 Be8 30. Qb3+ Qf7 31. Qxf7+ Rxf7 32. Nd4 Bd7 33. Ne2 Rc2 34. Nexf4 Rxf2 35. Kxf2 Bb5 36. b3 Kg7 37. Ne6+ Kf6 38. Ndf4 Bd7 0-1

[Event "HUN-chT2 Szechenyi 1314"]
[Site "Hungary"]
[Date "2014.04.13"]
[Round "10.11"]
[White "Holczbauer, Florian"]
[Black "Markovics, Tamas"]
[Result "1/2-1/2"]
[WhiteElo "1706"]
[BlackElo "1660"]
[PlyCount "20"]
[EventDate "2013.09.08"]
[EventType "team-tourn"]
[EventRounds "11"]
[EventCountry "HUN"]
[SourceTitle "EXT 2016"]
[Source "ChessBase"]
[SourceDate "2015.10.08"]
[SourceVersion "1"]
[SourceVersionDate "2015.10.08"]
[SourceQuality "1"]
[WhiteTeam "Balatonfuered"]
[BlackTeam "Veszprem"]
[WhiteTeamCountry "HUN"]
[BlackTeamCountry "HUN"]

1. d4 d5 2. Nf3 Nc6 3. g3 Nf6 4. Bg2 e6 5. 0-0 Bd6 6. c4 dxc4 7. Nc3 0-0 8. Qa4 Nb4 9. a3 Bd7 10. Qd1 Nbd5 1/2-1/2

[Event "HUN-chT2 Charousek 1213"]
[Site "Hungary"]
[Date "2012.10.07"]
[Round "2"]
[White "Holczbauer, Florian"]
[Black "Szukics, Adam"]
[Result "1-0"]
[WhiteElo "1677"]
[BlackElo "1875"]
[PlyCount "99"]
[EventDate "2012.09.16"]
[EventType "team-tourn"]
[EventRounds "11"]
[EventCountry "HUN"]
[SourceTitle "EXT 2014"]
[Source "ChessBase"]
[SourceDate "2013.11.20"]
[SourceVersion "1"]
[SourceVersionDate "2013.11.20"]
[SourceQuality "1"]
[WhiteTeam "Balatonfuered"]
[BlackTeam "Haladas II"]
[WhiteTeamCountry "HUN"]
[BlackTeamCountry "HUN"]

1. d4 d5 2. Nf3 Nf6 3. g3 Bf5 4. Bg2 e6 5. 0-0 Nbd7 6. c4 c6 7. b3 Be7 8. Bb2 0-0 9. Nc3 h6 10. Re1 Rc8 11. Nd2 Bb4 12. a3 Bxc3 13. Bxc3 Re8 14. e4 Bg6 15. e5 Nh7 16. f4 Nb6 17. Ba5 Qd7 18. Rc1 Nf8 19. Bb4 Red8 20. Bd6 Na8 21. b4 Nc7 22. Nb3 b6 23. a4 dxc4 24. Rxc4 Ne8 25. Bxf8 Kxf8 26. Qc1 Qe7 27. Qc3 Nc7 28. Rxc6 Rd7 29. Rc1 Qd8 30. b5 Kg8 31. Qb4 Bf5 32. Rd6 Bg6 33. Bc6 Rxd6 34. Qxd6 Bf5 35. Bd7 Ne8 36. Rxc8 Qxc8 37. Bxc8 Nxd6 38. exd6 Kf8 39. d7 Ke7 40. a5 Bd3 41. axb6 axb6 42. Kf2 Bxb5 43. Ke3 Bc6 44. Kd3 Bd5 45. Kc3 g5 46. fxg5 hxg5 47. Nd2 f5 48. Nc4 b5 49. Ne5 Kd8 50. Nf7+ 1-0